LEADER 01747nam 2200349Ia 450 001 996389349803316 005 20200824132626.0 035 $a(CKB)4940000000094069 035 $a(EEBO)2240910603 035 $a(OCoLC)ocm54532255e 035 $a(OCoLC)54532255 035 $a(EXLCZ)994940000000094069 100 $a20040304d1566 uy 0 101 0 $aeng 135 $aurbn||||a|bb| 200 02$aA blancke & perpetuall almanack$b[electronic resource] $eseruing as a memoriall, not only for al marchau?tes and occupiers, to note what debtes they haue to paie or receiue, in any moneth or daie of the yeare: but also for any other that will make & keepe notes of any actes, deedes, or thinges that passeth from time to time (worthy of memory, to be registred) which may be written in this almanack, or the like that may be made to serue for any yeere that you will, noting on the same, the same date of the yeere of our Lorde, that you would haue that almanack to serue for. ; Also in the ende thereof, ye shall finde a table for ebbing and flowing, with certaine other rules. 210 $aJmprinted at London in Paules church-yarde, at the signe of the Lucrece $cby Thomas Purfoote.$d[1566?] 215 $a[32] p 300 $aInitials at end of text: W.C. 300 $aDate of publication suggested by STC (2nd ed.). 300 $aReproduction of original in: University of Glasgow. Library. 330 $aeebo-0166 606 $aAlmanacs, English$vEarly works to 1800 606 $aDiaries$vEarly works to 1800 615 0$aAlmanacs, English 615 0$aDiaries 801 0$bEBK 801 1$bEBK 906 $aBOOK 912 $a996389349803316 996 $aA blancke & perpetuall almanack$92384139 997 $aUNISA LEADER 01829nam 22004333a 450 001 9910346830603321 005 20250203232819.0 010 $a9783845201047 010 $a3845201045 035 $a(CKB)4340000000007455 035 $a(oapen)https://directory.doabooks.org/handle/20.500.12854/53616 035 $a(ScCtBLL)a13d775c-e4bd-43d4-b6b5-ecb3298f3686 035 $a(OCoLC)1163856954 035 $a(EXLCZ)994340000000007455 100 $a20250203i20072019 uu 101 0 $ager 135 $aurmn|---annan 181 $ctxt$2rdacontent 182 $cc$2rdamedia 183 $acr$2rdacarrier 200 00$aMittelalterliche Politiktheorie : $eVier Entwürfe des Hoch- und Spätmittelalters /$fJürgen Miethke 205 $a1 ed. 210 1$aBaden-Baden :$cNomos Verlagsgesellschaft mbH & Co. KG,$d2007. 215 $a1 electronic resource (45 p.) 225 1 $aWürzburger Vorträge zur Rechtsphilosophie, Rechtstheorie und Rechtssoziologie 311 08$a9783832922917 311 08$a3832922911 330 $a Das Werk zeigt auf, dass es auch im Mittelalter ein politisches Denken wie selbstverständlich von den allerersten Anfängen bis zu seinem Übergang in die neuere Geschichte gab. Die Analyse der Entwürfe legt nahe, dass alle ihre Gegenwartsprobleme durch einen Blick auf die Funktion und Legitimation der Herrschaftsträger besser zu erfassen und neue Lösungswege von bitteren Konflikten durch eine Neubesinnung auf diese Grundlagen zu öffnen gesucht haben. 606 $aLaw / Reference$2bisacsh 606 $aLaw 615 7$aLaw / Reference 615 0$aLaw. 700 $aMiethke$b Jürgen$0245931 801 0$bScCtBLL 801 1$bScCtBLL 906 $aBOOK 912 $a9910346830603321 996 $aMittelalterliche Politiktheorie$93016063 997 $aUNINA